000 00282nam a22001097a 4500
008 140211t xxu||||| |||| 00| 0 eng d
020 _a81-307-0613-X
100 _aCharles Warren
_9710
245 _aThe Supreme court in the united states history
300 _a814 p. :
942 _2ddc
_cBK
999 _c16968
_d16968